Alto rendimiento deportivo: planificación y desarrollo
Uloženo v:
| Hlavní autoři: | , , |
|---|---|
| Médium: | Kniha |
| Jazyk: | španělština |
| Vydáno: |
Barcelona
Martínez Roca
1989
|
| Edice: | Deportes Técnicos
|
| Témata: | |
| Tagy: |
Přidat tag
Žádné tagy, Buďte první, kdo vytvoří štítek k tomuto záznamu!
|
MARC
| LEADER | 00000nam a2200000 a 4500 | ||
|---|---|---|---|
| 001 | UCW5098 | ||
| 003 | CL-VaPUC | ||
| 008 | 901129e19890000SP |||||||||||||||||spa|d | ||
| 082 | 0 | 4 | |a 796.077 |b GRO |2 21 |
| 100 | |a Grosser, Manfred |e author |9 477883 | ||
| 700 | 0 | |a Bruggemann, Peter |e author |9 309948 | |
| 700 | 0 | |a Zintl, Fritz |e author |9 309949 | |
| 245 | 1 | 0 | |a Alto rendimiento deportivo: planificación y desarrollo |
| 300 | |a 223 p | ||
| 942 | |c BK | ||
| 945 | |d 19901129 00:00:00 | ||
| 260 | |a Barcelona |b Martínez Roca |c 1989 | ||
| 650 | 7 | |a ENTRENAMIENTO ATLETICO |2 CL-VaPUC |9 309950 | |
| 650 | 0 | |a Atletismo |9 307422 | |
| 583 | |a last modification |c 19901129 00:00:00 |k Rodrigo Vera | ||
| 490 | 0 | |a Deportes Técnicos | |
| 999 | |c 218610 |d 218608 | ||
| 952 | |0 0 |1 0 |4 0 |6 796_077000000000000_GRO_1989 |7 0 |8 A |9 208412 |a BIBEDU |b BIBEDU |d 2019-11-15 |i 2763346 |o 796.077 GRO 1989 |p 2763346 |r 2019-11-15 |w 2019-11-15 |y BK |k EDU | ||